| 000 | 00494nam a22001817a 4500 | ||
|---|---|---|---|
| 005 | 20251108170918.0 | ||
| 008 | 250721s1996 xx 000 0 ara d | ||
| 082 | 1 | 4 | _a363.73/عدن |
| 100 | 1 | _aمساعدة، عدنان | |
| 245 | 1 | 0 | _aكيمياء التلوث البيئي / |
| 264 | 1 |
_aعمان : _bوزارة الثقافة، _c1996. |
|
| 300 | _a325ص. | ||
| 650 | 1 | 7 | _aالتلوث |
| 650 | 1 | 7 | _aالبيئة |
| 650 | 1 | 7 | _aصحة البيئة |
| 942 |
_2ddc _cBK |
||
| 999 |
_c51944 _d51944 |
||